|
|
|
|
| LEADER |
00942nam a2200265 4500 |
| 001 |
DLU120135334 |
| 005 |
##20120518 |
| 040 |
# |
# |
|a DLU
|b vie
|
| 041 |
# |
# |
|a vie
|
| 044 |
# |
# |
|a vn
|
| 100 |
# |
# |
|a Phương Minh Hòa,
|c TS.
|
| 245 |
# |
# |
|a Kỷ niệm 65 năm cách mạng tháng Tám và quốc khánh 2/9 :
|b Vận dụng tư tưởng Hồ Chí Minh vào xây dựng nhà nước pháp quyền của dân, do dân và vì dân /
|c Phương Minh Hòa.
|
| 653 |
# |
# |
|a Chính quyền dân chủ nhân dân
|
| 653 |
# |
# |
|a Nhà nước pháp quyền
|
| 653 |
# |
# |
|a Tư tưởng Hồ Chí Minh
|
| 773 |
# |
# |
|t Nghiên cứu Lập pháp
|g Số 17(178), 2010, tr. 14-17
|
| 920 |
# |
# |
|a Phòng Tạp chí -- Trung tâm Thông tin - Thư viện Trường Đại học Đà Lạt
|
| 994 |
# |
# |
|a DLU
|
| 900 |
# |
# |
|a True
|
| 911 |
# |
# |
|a Nguyễn Thị Linh Chi
|
| 925 |
# |
# |
|a G
|
| 926 |
# |
# |
|a A
|
| 927 |
# |
# |
|a BB
|
| 980 |
# |
# |
|a Thư viện Trường Đại học Đà Lạt
|